| 000 | 00524nam a2200181Ia 4500 | ||
|---|---|---|---|
| 999 |
_c1802 _d1802 |
||
| 003 | OSt | ||
| 005 | 20210308125316.0 | ||
| 008 | 190216s9999||||xx |||||||||||||| ||und|| | ||
| 020 | _a9788180940101 | ||
| 040 | _coclc | ||
| 082 |
_a574.05 _bSUB/B |
||
| 100 |
_aSubramanian, M A _98518 |
||
| 245 | 0 |
_aBiophysics : _bPrinciples And Techniques / _cM A Subramanian |
|
| 260 |
_bM J P Publishers, _aChennai: _c2005. |
||
| 300 | _a324p | ||
| 650 | _aBotany | ||
| 942 |
_cBK _2ddc _h574.05 _iSUB/B _k574.05 _mSUB/B |
||